| 000 | 01005nam0a22002411 4500 | ||
|---|---|---|---|
| 001 | rc\198767 | ||
| 005 | 20260406120817.0 | ||
| 035 | _a(NLR Aleph) 005452593 | ||
| 090 |
_a4873295 _c4873295 |
||
| 100 | _a20030307d1997 |||y0rusy50 ca | ||
| 101 | 0 | _arus | |
| 102 | _aRU | ||
| 105 | _aa ||||||||| | ||
| 200 | 1 |
_aСБОРНИК задач по высшей математике _eАлгебра. Геометрия _fМ-во общ. и проф. образования Рос. Федерации. Новочеркас. гос. техн. ун-т _g[Сост.: П.А. Безгласный и др.] |
|
| 210 |
_aНовочеркасск _cНГТУ _d1997 |
||
| 215 |
_a120 c. _cил. _d20 |
||
| 702 | 1 |
_aБезгласный _bП.А. _gПавел Александрович _4220 |
|
| 712 | 0 | 2 |
_aНовочеркасский технический университет _3RU\NLR\AUTH\8813277 _9299570 |
| 801 | 0 |
_aRU _bNLR _gpsbo |
|
| 801 | 1 |
_aRU _bELAR _2rusmarc |
|
| 852 |
_aNLR _j98-3/4845 |
||
| 942 | _cBOOK | ||
| 980 | _aNB | ||